Il pinguino verde /

Il pinguino protagonista di questa storia non sa ancora che cosa vuol fare da grande. Imparerà che ci vuole tanto coraggio per cambiare, ma ancora di più per farlo rimanendo se stessi. «Questa è la storia bella, ma strana di un pinguino che voleva esser rana. L'idea gli sembrò davvero geniale: perch...

Ful tanımlama

Kaydedildi:
Detaylı Bibliyografya
Yazar: Muzzi, Valentina
Materyal Türü: Kitap
Dil:İtalyanca
Baskı/Yayın Bilgisi: Roma : Sinnos, 2012
Seri Bilgileri:Nidi
Etiketler: Etiketle
Etiket eklenmemiş, İlk siz ekleyin!

MARC

LEADER 00000nam a22000007i 4500
001 IT\ICCU\UBO\3928483
003 ItRI
005 20260115232143.0
008 120404s2012 it |||||| ||||| |||||c
020 |a 9788876092169 
040 |b ita  |c importazione bologna sebina 
041 7 |a ita  |2 ISO-639-2 
082 |a 851.92  |9 Poesia italiana  |2 19 
100 1 |a Muzzi, Valentina  |0 IT\ICCU\LO1V\380364 
240 1 3 |a Il pinguino verde  |3 IT\ICCU\BCT\0027131  |9 Muzzi, Valentina 
245 1 3 |a Il pinguino verde /  |c di Valentina Muzzi. 
260 |a Roma :  |b Sinnos,  |c 2012 
300 |a [44] p. :  |b ill. ;  |c 17x17 cm 
500 |a Titolo della copertina. 
520 |a Il pinguino protagonista di questa storia non sa ancora che cosa vuol fare da grande. Imparerà che ci vuole tanto coraggio per cambiare, ma ancora di più per farlo rimanendo se stessi. «Questa è la storia bella, ma strana di un pinguino che voleva esser rana. L'idea gli sembrò davvero geniale: perché rimanere un pinguino normale?». (Fonte: editore) 
830 0 |a Nidi  |0 IT\ICCU\UBO\3739477 
942 |2 ddc  |c BK  |n 0 
952 |0 0  |1 0  |4 0  |6 R_851_920000000000000_MUZ  |7 0  |9 20969  |a BO  |b BO  |d 2026-01-15  |i 18795  |l 0  |o R 851.92 MUZ  |p BO18795  |r 2026-01-15 23:21:43  |w 2026-01-15  |x [Sebina 5] [1 v.]  |y BK  |z 1 v. 
999 |c 17913  |d 17913